LIBRARY & INFORMATION CENTRE, KCAET, TAVANUR

ONLINE PUBLIC ACCESS CATALOGUE (OPAC)

Methods for measurement of suspended sediment in open channels / (Record no. 4367)

MARC details
000 -LEADER
fixed length control field 00895cam a2200145ua 4500
041 ## - LANGUAGE CODE
Language code of text/sound track or separate title eng
082 ## - DEWEY DECIMAL CLASSIFICATION NUMBER
Classification number 532.57
Item number IND/ME
245 ## - TITLE STATEMENT
Title Methods for measurement of suspended sediment in open channels /
260 ## - PUBLICATION, DISTRIBUTION, ETC. (IMPRINT)
Place of publication :
Name of publisher ISI ,
Year of publication 1982.
300 ## - PHYSICAL DESCRIPTION
Number of Pages 19 ; .
942 ## - ADDED ENTRY ELEMENTS (KOHA)
Koha item type Books
Holdings
Withdrawn status Lost status Damaged status Home library Current library Date acquired Full call number Accession Number Koha item type
      KAUAET   07/04/2012 532.57 17124 Books
free website counter